| 000 | 00450nam a2200157 a 4500 | ||
|---|---|---|---|
| 001 | 000015734 | ||
| 005 | 20200929164132.0 | ||
| 008 | 100217s1990 dr 000 0 spa d | ||
| 040 |
_aDO-SdBNP _bspa _cBNPHU |
||
| 082 |
_axxx _bA662 |
||
| 245 | 0 | 0 | _aArancel provicional vigente en la República Dominicana. |
| 260 |
_aSanto Domingo : _bTaller, _c1990. |
||
| 300 |
_a390 p. ; _c29 cm. |
||
| 500 | _aIncluye notas al pie de las páginas | ||
| 049 | _aBNPD | ||
| 999 |
_c15284 _d15284 |
||